000 00595nam a2200241Ia 4500
003 OSt
005 20220918193329.0
006 a|||||r|||| 00| 0
007 ta
008 220917b |||||||| |||| 00| 0 eng d
024 _a72,656
037 _cTextual
040 _aARTS
_cARTS
_beng
041 _2eng
_aeng
082 _aR6, J7 PD
100 _aMishra Umesh
_926125
245 0 _aBhartiya Darshan
260 _c1957
490 _aHindi Samiti Grantha Mala; 10
650 _aINDIAN PHILOSOPHY
942 _hR6, J7 PD
_cTEXL
_2CC
999 _c198631
_d198631